Gaming Quiz

Random Gaming Quiz

Warhammer heresy quiz Stats

 Plays Quiz not verified by Sporcle

Score 0/30 Timer 12:00
0 Plays Today
Hint Answer % Correct
on what planet were the primarchs created? Terra
76.2%
which legion had two primarchs? Alpha Legion
75.6%
which legion was targeted by the Word Bearers on Calth?Ultramarines
74.9%
who was the first primarch to fall to Chaos?Lorgar
73.7%
which legion was known as 'The First'Dark Angels
73.7%
how many legions were there at the time of the heresy?18
72.7%
which legion was all but annihilated by the Space Wolves?Thousand Sons
72.4%
which legion first allowed Daemons to posses them?Word Bearers
70.5%
which primarch was nicknamed 'The Gorgan'?Ferrus Manus
67%
the mechanical life supporting sarcophagus that allows wounded legionaries to carry on fighting Dreadnought
64.4%
which Chaos God tricked Magnus the Red into breaking the edict on psychic powers?Tzeentch
63.2%
the Emperors RegentMalcador
61.3%
name the legion Horus intended to destroy by sending them to the Signus ClusterBlood Angels
60%
which legionnaire was the voice of reason to his primarch Angron? Kharn
55.2%
which primarch can turn invisible? Corax
53%
Hint Answer % Correct
which primarch did the Chaos Gods originally desire before Horus?Sanguinius
51.1%
name Horus' FlagshipThe Vengeful Spirit
50.8%
name the system in which the heresy officially beganIstvaan
46%
who commanded the Eisenstein?Nathaniel Garro
45.7%
on which planet was the use of psychic powers outlawed by the Emperor? Nikea
44.8%
name the orbital fortress of the Imperial FistsPhalanx
44.4%
who breaks Lucius' nose in a training duel?Garviel Loken
41%
Rogal Dorns homeworld before TerraInwit
31.4%
which Oscar Wilde character is Fulgrim based off?Dorian Grey
29.8%
name the type of weapon that the Boltgun replaced as the legions standard armament Volkite
21.6%
who was the head of the Custodian Guard?Constantine Valdor
20.6%
the hammer that Vulkan originally planned to give to HorusDawn Bringer
17.5%
how many traitor legions were present on Isstvann 3?4
15.6%
which primarch was Rogal Dorns polar opposite? Peturabo
12.7%
name the hidden primarch of the Alpha LegionOmegron
11.4%

You're not logged in!

Compare scores with friends on all Sporcle quizzes.
OR
Log In

Show Comments

Extras

Created Aug 29, 2015ReportNominate
Tags:heresy, hour, lore, test, warhammer

Top Quizzes Today


Score Distribution

Your Account Isn't Verified!

In order to create a playlist on Sporcle, you need to verify the email address you used during registration. Go to your Sporcle Settings to finish the process.

Report this User

Report this user for behavior that violates our Community Guidelines.

Details: